| 000 | 00829nam a2200289 4500 | ||
|---|---|---|---|
| 001 | 21299 | ||
| 003 | BD-RjUL | ||
| 005 | 20211209000653.0 | ||
| 008 | 140304s1950 enk b 001 0 eng | ||
| 035 | _a(BD-RjUL)21363 | ||
| 035 | _a(OCoLC)03227158 | ||
| 040 |
_aDLC _cOCP _dSER _dUKM _dMYG _dBD-RjUL _beng |
||
| 041 | _aeng | ||
| 082 |
_a411 _bINE 1950 |
||
| 100 | 1 |
_aInnis, Harold Adams, _d1894-1952. _965855 |
|
| 245 | 1 | 0 |
_aEmpire and communications / _cHarold Adams Innis. |
| 260 |
_aOxford : _bClarendon Press, _c1950. |
||
| 300 |
_a230 p. ; _c20 cm. |
||
| 490 | 1 |
_aBelt lectures on imperial economic history _v[1948] |
|
| 504 | _aIncludes index. | ||
| 650 | 0 |
_aCommunication. _965856 |
|
| 830 | 0 |
_v1948. _965871 |
|
| 830 | 0 |
_aBelt lectures ; _965858 |
|
| 942 |
_2ddc _cBK |
||
| 999 |
_c21299 _d21299 |
||